| 000 | 00505nam a2200181 a 4500 | ||
|---|---|---|---|
| 005 | 20140414093843.0 | ||
| 008 | 090318s19uu xx uuu eng d | ||
| 050 |
_aCDR 420.7 _bEUR 2002 |
||
| 050 |
_aCDR 420.7 _bEUR 2002R |
||
| 100 | _aEurotalk Interactive | ||
| 245 |
_aLearn American English : _bTalk now! - Beginners / _cEurotalk Interactive. |
||
| 260 | _bFelta. | ||
| 650 | _aEnglish as a second language. | ||
| 650 | _aInteractive CD. | ||
| 942 | _cAVM | ||
| 999 |
_c109416 _d109416 |
||